000
00356nam a2200145Ia 4500
008
151213s9999 xx 000 0 und d
100
_a
V. D. Mahajan
245
_a
Jurisprudence & Legal Theory
_c
V. D. Mahajan
260
_a
Leknow
_b
Eastern Book
_c
2005
300
_a
2093 p.
650
_a
Law
650
_a
Law
700
_a
V. D. Mahajan
999
_c
1543
_d
1543